Derecho internacional privado
Uloženo v:
| Hlavní autoři: | , |
|---|---|
| Další autoři: | |
| Médium: | Kniha |
| Jazyk: | španělština |
| Vydáno: |
Valencia
Tirant Lo Blanch
2019
|
| Témata: | |
| Tagy: |
Přidat tag
Žádné tagy, Buďte první, kdo vytvoří štítek k tomuto záznamu!
|
MARC
| LEADER | 00000cam a2200000 a 4500 | ||
|---|---|---|---|
| 001 | UCC9864 | ||
| 003 | CL-VaPUC | ||
| 005 | 20230119171622.0 | ||
| 008 | 191122e20190000sp spa d | ||
| 020 | |a 9788413360508 | ||
| 082 | 0 | 4 | |a 340.9 |b ESP |2 21 |
| 100 | |a Esplugues Mota Carlos |e author |9 171 | ||
| 700 | |a Iglesias Buhigues, José Luis |e author |9 605193 | ||
| 700 | |a Palao Moreno, Guillermo |e autor |9 605194 | ||
| 245 | 1 | 0 | |a Derecho internacional privado |
| 260 | |a Valencia |b Tirant Lo Blanch |c 2019 | ||
| 300 | |a 713 p | ||
| 583 | |a last modification |c 20191122 12:01:00 |k Rodrigo Vera | ||
| 650 | 0 | 0 | |a Derecho internacional privado |9 256361 |
| 650 | 0 | 0 | |a Fuentes del derecho |9 255162 |
| 650 | 0 | 0 | |a Tratados internacionales |9 256056 |
| 650 | 0 | 0 | |a Derechos humanos |9 223025 |
| 942 | |c BK | ||
| 945 | |a cmena |d 20191122 12:01:00 | ||
| 999 | |c 376192 |d 376190 | ||
| 952 | |0 0 |1 0 |3 erb |4 0 |6 340_900000000000000_ESP_2019 |7 0 |8 A |9 495490 |a BIBDER |b BIBDER |i 5606772 |l 1 |o 340.9 ESP 2019 |p 5606772 |r 2023-05-25 |s 2023-05-24 |w 2020-01-06 |y BK |z Catalogado en:20191122 |k DER | ||